| 000 | 00518nam a22001817a 4500 | ||
|---|---|---|---|
| 005 | 20240913161250.0 | ||
| 010 | _aENG-141068 | ||
| 020 |
_c595.00 _a8188090913 |
||
| 035 | _aEN-124600 | ||
| 037 | _bDBAD | ||
| 082 | _a615.85 | ||
| 100 |
_aRajnish Kumar _971702 |
||
| 245 |
_aMemory Mind and Body/ _cBy Rajnish Kumar |
||
| 260 |
_aDelhi _bSwastik Prakashan _c2017 |
||
| 270 |
_bDelhi _aAtma Ram Building 1376, Kashmere Gate _e110006 |
||
| 300 |
_a272p. _c23cm(pbk) |
||
| 942 |
_2ddc _cEN _h615.85 _mRAJ |
||
| 999 |
_c204587 _d204587 |
||